Statistics for Bad Habit - Steve Lacy (All Lyrics)

Click here to take the quiz!

General Stats

  • This quiz has been taken 293 times
  • The average score is 109 of 145

Answer Stats

HintAnswerAnswerAnswer% Correct
((Ithisis
98%
Ime.
98%
II'm.
98%
ICarry on.
98%
Ihappen.
98%
Irowdy.
98%
Imake.
98%
Itongue-tied.
98%
Iaround.
98%
Ito.
98%
IpassI'll
98%
Ican't.
98%
IYou.
98%
Iyou're.
98%
Ieverywhere.
98%
Icross-eyed.
98%
INow.
98%
Iyou're.
98%
IIf.
98%
IFunnybeg
98%
Idecide.
98%
Iknowit's
98%
Iwithyou
98%
Iwindbabe
98%
Iwouldn'tgemini
98%
IIit's
98%
younottil
93%
youknew.
93%
youtonguethe
93%
)you)Ican't
93%
youhidin.
93%
youI.
93%
youI turn.
93%
youI.
93%
youhabitmall
93%
youcanbabe
93%
meme.
89%
mewish.
89%
meway.
89%
meon.
89%
megrabbin.
89%
me)Is.
89%
meyoua
89%
mecause.
89%
medecide.
89%
mebitefuck
89%
wishplayBut
89%
wishinvited.
89%
wishwow.
89%
wishwannabiscuits
89%
wishget.
89%
wishI'm.
89%
wishthat.
89%
wishcouldgravy
89%
wishI.
89%
wishit.
89%
wishbut.
89%
knewThen.
87%
knewupYou
87%
knewmeknow
87%
knewFuck.
87%
knewalways.
87%
knewatbe
87%
knewand.
87%
knewand.
87%
knewback.
87%
knewif.
87%
knewUhgravy
87%
knewnot.
87%
wantedit.
86%
wantedILet's
86%
wantedwishsuprise
86%
wantedcan't.
86%
wantedYou.
86%
wantedthe.
86%
atobabe
84%
ame.
84%
amindGo
84%
athat.
84%
tohard.
81%
tomyme
81%
toyou found.
81%
itignore.
76%
itgoodend
76%
myI.
76%
mycomebabe
76%
myknew.
76%
badmy.
73%
biteyoume
73%
habitdear.
72%
It'swish.
69%
it'sto.
69%
madokay.
68%
doWouldlose
67%
moveifstupid
67%
movemakeI
67%
Whatyourin
67%
whatbadthe
67%
tooforYou'll
65%
tooI.
65%
latememiss
60%
madetriedcrazy
59%
madeyoucontrol
59%
beWereyour
58%
forI.
58%
forwanted.
58%
Ifbiscuits.
57%
Ifaknow
57%
dearknew.
55%
dearI.
55%
Istoothe
55%
withyouheart
55%
I'ditin
53%
ohlikeback
53%
Reasonsme.
53%
thatYou.
53%
thatthings.
53%
atcan't.
51%
happenyou.
51%
thingsknew.
51%
okayI.
49%
pursuedeardon't
49%
didn'tfor.
48%
goodknew.
48%
stabI.
47%
takereasons.
46%
KindaIt's.
45%
sureGemini.
45%
yeahI'm.
45%
thoughtyeah.
44%
werewish.
42%
Neveryou.
41%
thinksurprise.
41%
timeI.
41%
area.
40%
couldaIgo
40%
gavewanted.
40%
ofwish.
40%
dayI.
39%
toungeback.
36%
(pleaseyou.
29%
Sayme.
28%
saywhat.
28%
uhmyof
28%
justknow.
25%

Score Distribution

Percentile by Number Answered

Percent of People with Each Score

Your Score History

You have not taken this quiz